000
00318nam a22001457a 4500
008
210305b ||||| |||| 00| 0 eng d
020
_a
9781622542291
041
_a
eng
080
_a
61
082
_a
61
100
_a
3
101
_a
SHM
245
_a
ICD-10-cm Professionals for Hospital
_c
Optum
942
_2
udc
_c
BK
999
_c
55812
_d
55812